000 00302nam a22001457a 4500
008 210310b ||||| |||| 00| 0 eng d
020 _a0670876771
041 _aeng
080 _a32
082 _a32
100 _a21
101 _aSHP
245 _aOne Nation,After All
_cWolfe,A
942 _2udc
_cBK
999 _c56118
_d56118